Responses for Show #6386 - Monday, May 28, 2012

Joel Pool game 6.

Contestants

[<< previous game]

Captain Lawrence Indyk, a JAG attorney from Lawrence, Kansas

Sara Shiver, a periodicals librarian from Columbia, South Carolina

Joel Pool, a real estate developer from Oakland, California (whose 5-day cash winnings total $95,300)

[next game >>]

Jeopardy! Round responses

A JOHNNY DEPP FILM FEST
THE RING CYCLE
IT'LL END WITH "US"
THE WORLD CAPITAL SERVED BY...
OLD TESTAMENT NAME'S THE SAME
LEWIS & CLARK EXPEDITION
    $200 2
Willy Wonka

Sara
    $200 21
gymnastics

Sara
    $200 13
a bonus

Sara
    $200 1
New Delhi

Sara
    $200 11
Adam

Joel
    $200 26
the Louisiana Purchase

Sara
    $400 3
Nightmare on Elm Street

Sara
    $400 22
moons

Triple Stumper
    $400 14
Uranus

Indy
    $400 7
London

Indy
    $400 12
Samuel

Sara
    $400 27
Sacagawea

Indy
    $600 4
Ichabod Crane

Sara
    $600 23
the Ring of Fire

Triple Stumper
    $600 15
a caucus

Joel
    $600 8
Rome

Joel
    $600 16
Levi

Triple Stumper
    $600 28
Jefferson

Indy
    $800 5
John Dillinger

Joel
    $800 24
a merry-go-round (or carousel)

Joel
    $800 19
apparatus

Joel
    $1,400 9
Riyadh

Joel
    $800 17
Deborah

Joel
    $800 29
the Chinook

Joel
    $1000 6
The Tourist

Triple Stumper
    $1000 25
(Indy: What are bootleggers?)

the Whiskey Ring

Indy
Triple Stumper
    $1000 20
phosphorus

Triple Stumper
    $1000 10
Amsterdam

Indy
    $1000 18
Jesse

Sara
    $1000 30
the Columbia

Sara

Scores at the first commercial break (after clue 15):

Joel Sara Indy
$3,600 $2,000 $1,800

Scores at the end of the Jeopardy! Round:

Joel Sara Indy
$6,800 $4,400 $1,800

Double Jeopardy! Round responses

"A"UTHORS
TV TITLE REFERENCES
ALGEBRA
THE KING OF ENGLAND WHO...
COLORFUL PHRASES
TALK LIKE A SAILOR
    $400 2
(Isaac) Asimov

Joel
    $400 15
Smallville

Joel
    $400 1
3

Sara
    $400 25
Henry VIII

Sara
    $400 20
red-handed

Sara
    $400 10
masts

Sara
    $800 3
(Joel: Who is Aeschylus?)

Aesop

Joel
Triple Stumper
    $800 16
Nurse Jackie

Sara
    $800 6
the ordinate

Triple Stumper
    $800 26
Edward VIII

Sara
    $800 21
a green beret

Joel
    $800 11
knots

Sara
    $1200 4
(Isabel) Allende

Indy
    $1200 17
American Dad

Joel
    $1200 7
y + x

Indy
    $1,000 27
Ethelred

Sara
    $1200 22
pink

Sara
    $1200 12
anchorage

Indy
    $1,500 5
(Louisa May) Alcott

Indy
    $1600 18
Suburgatory

Triple Stumper
    $1600 8
(Joel: What are plus and the times sign?)

parentheses

Joel
Triple Stumper
    $1600 28
(Sara: Who is James I?)

Charles II

Sara
Triple Stumper
    $1600 23
white-knuckle

Joel
    $1600 13
a cleat

Sara
    $2000 30
Margaret Atwood

Sara
    $2000 19
In Plain Sight

Triple Stumper
    $2000 9
a quadratic equation

Triple Stumper
    $2000 29
Harold

Sara
    $2000 24
purple

Indy
    $2000 14
a trimaran

Joel

Scores at the end of the Double Jeopardy! Round:

Joel Sara Indy
$10,800 $14,600 $8,900

[wagering suggestions for these scores]

Final Jeopardy! Round responses

AMERICAN INNOVATORS
IndyWho is Fender?
$3,100
JoelWho was Les Paul
$10,700
SaraWho was Johnny Cash
$4,600
Les Paul

Final scores:

Joel Sara Indy
$21,500 $10,000 $5,800
6-day champion: $116,800 2nd place: $2,000 3rd place: $1,000

Game dynamics:

Coryat scores:

Joel Sara Indy
$10,200 $14,800 $9,000
15 R
(including 1 DD),
2 W
22 R
(including 1 DD),
1 W
10 R
(including 1 DD),
1 W

Combined Coryat: $34,000

[game clues] [game scores] [suggest correction]

Game tape date: 2012-01-18
The J! Archive is created by fans, for fans. Scraping, republication, monetization, and malicious use prohibited; this site may use cookies and collect identifying information. See terms. The Jeopardy! game show and all elements thereof, including but not limited to copyright and trademark thereto, are the property of Jeopardy Productions, Inc. and are protected under law. This website is not affiliated with, sponsored by, or operated by Jeopardy Productions, Inc. Join the discussion at JBoard.tv.